[Event "St Veit op 43rd"]
[Site "St Veit"]
[Date "2024.07.13"]
[Round "9"]
[White "Matt, Fabian"]
[Black "Hechl, Fabian"]
[Result "1-0"]
[WhiteElo "2249"]
[BlackElo "2037"]
[PlyCount "81"]
[EventDate "2024.07.06"]
[EventType "swiss"]
[EventRounds "9"]
[EventCountry "AUT"]
[SourceTitle "CBM 221 Extra"]
[Source "ChessBase"]
[SourceDate "2024.09.30"]
[SourceVersion "1"]
[SourceVersionDate "2024.09.30"]
[SourceQuality "1"]

1. b3 e6 2. Bb2 f5 3. d3 Nf6 4. e4 fxe4 5. dxe4 Bb4+ 6. c3 Bc5 7. Bd3 0-0 8. Nf3 a5 9. 0-0 Nc6 10. Nbd2 b6 11. a3 Ng4 12. b4 Bxf2+ 13. Rxf2 Nxf2 14. Kxf2 Ne5 15. Qe2 Nxd3+ 16. Qxd3 Bb7 17. c4 d6 18. Kg1 axb4 19. axb4 Rxa1+ 20. Bxa1 e5 21. Bc3 Qf6 22. h3 Qg6 23. Nh4 Qg5 24. Nhf3 Qg6 25. c5 bxc5 26. bxc5 Rf4 27. Qc4+ Qf7 28. Qb4 Bc6 29. cxd6 cxd6 30. Qxd6 Qa7+ 31. Kh2 Rf6 32. Qxe5 Qf2 33. Qb8+ Rf8 34. Qc7 Rf7 35. Qxc6 Qe3 36. Qe8+ Rf8 37. Qe5 Qa7 38. Ng5 Qd7 39. Ndf3 h6 40. Ne6 Rf7 41. Qb8+ 1-0

[Event "St Veit op 43rd"]
[Site "St Veit"]
[Date "2024.07.06"]
[Round "1"]
[White "Matt, Fabian"]
[Black "Groessing, Daniel Yosuke"]
[Result "1/2-1/2"]
[WhiteElo "2249"]
[BlackElo "1937"]
[PlyCount "78"]
[EventDate "2024.07.06"]
[EventType "swiss"]
[EventRounds "9"]
[EventCountry "AUT"]
[SourceTitle "CBM 221 Extra"]
[Source "ChessBase"]
[SourceDate "2024.09.30"]
[SourceVersion "1"]
[SourceVersionDate "2024.09.30"]
[SourceQuality "1"]

1. Nf3 Nf6 2. c4 e6 3. e3 b6 4. b3 Bb7 5. Bb2 Be7 6. Nc3 0-0 7. d4 d5 8. cxd5 exd5 9. Bd3 Nbd7 10. 0-0 a6 11. Rc1 Bd6 12. Ne2 Re8 13. Qc2 Ne4 14. Ne5 Rc8 15. f3 c5 16. Nxf7 Qh4 17. Nxd6 Nxd6 18. Qd2 Qe7 19. Kf2 Qh4+ 20. Ng3 Nf6 21. Kg1 Qh6 22. Rfe1 c4 23. bxc4 dxc4 24. Bf5 Rc7 25. Qf2 Nd5 26. e4 Nf4 27. Red1 Qg5 28. d5 Nxf5 29. exf5 Re2 30. Qxb6 Rxg2+ 31. Kf1 Rf7 32. f6 gxf6 33. Ne4 Qh5 34. Qd8+ Kg7 35. Bxf6+ Kh6 36. Bg5+ Kg7 37. Bf6+ Kh6 38. Bg5+ Kg7 39. Bf6+ Kh6 1/2-1/2

[Event "Titled Tuesday intern op 23rd Jan Early"]
[Site "Chess.com INT"]
[Date "2024.01.23"]
[Round "2"]
[White "Hayrapetyan, Hovik"]
[Black "Matt, Fabian"]
[Result "1-0"]
[WhiteElo "2427"]
[BlackElo "2261"]
[PlyCount "33"]
[EventDate "2024.01.23"]
[EventType "swiss (blitz)"]
[EventRounds "11"]
[EventCountry "USA"]
[SourceTitle "EXT 2025"]
[Source "ChessBase"]
[SourceDate "2024.10.14"]
[SourceVersion "1"]
[SourceVersionDate "2024.10.14"]
[SourceQuality "1"]

1. d4 Nf6 2. c4 e6 3. Nc3 d5 4. Nf3 Be7 5. Bf4 0-0 6. e3 b6 7. cxd5 Nxd5 8. Nxd5 Qxd5 9. Bd3 c5 10. Qc2 cxd4 11. Bxh7+ Kh8 12. Be4 Qa5+ 13. Nd2 Nd7 14. 0-0 Ba6 15. Nb3 Qh5 16. Bxa8 Bxf1 17. Bf3 1-0

[Event "Titled Tuesday intern op 23rd Jan Early"]
[Site "Chess.com INT"]
[Date "2024.01.23"]
[Round "1"]
[White "Matt, Fabian"]
[Black "Schnaider, Ilan"]
[Result "1/2-1/2"]
[WhiteElo "2261"]
[BlackElo "2323"]
[PlyCount "117"]
[EventDate "2024.01.23"]
[EventType "swiss (blitz)"]
[EventRounds "11"]
[EventCountry "USA"]
[SourceTitle "EXT 2025"]
[Source "ChessBase"]
[SourceDate "2024.10.14"]
[SourceVersion "1"]
[SourceVersionDate "2024.10.14"]
[SourceQuality "1"]

1. Nf3 Nf6 2. c4 g6 3. b3 Bg7 4. Bb2 0-0 5. g3 c6 6. Bg2 d5 7. 0-0 Bf5 8. d3 Nbd7 9. Nbd2 Re8 10. Qc2 e5 11. e4 dxe4 12. dxe4 Bg4 13. Rad1 Qe7 14. h3 Bxf3 15. Nxf3 Rad8 16. Rd2 Nh5 17. Rfd1 Nc5 18. Ba3 b6 19. Nh2 Qc7 20. Ng4 Ne6 21. Bd6 Rxd6 22. Rxd6 Nd4 23. R6xd4 exd4 24. Re1 Nf6 25. Nxf6+ Bxf6 26. c5 bxc5 27. Qxc5 Rd8 28. e5 Be7 29. Qxc6 Qxc6 30. Bxc6 d3 31. f4 Rc8 32. Bf3 d2 33. Rd1 Rc1 34. Kf2 Bb4 35. Ke2 a5 36. Bd5 Kf8 37. Bc4 Ke7 38. a4 h6 39. g4 f6 40. exf6+ Kxf6 41. h4 g5 42. fxg5+ hxg5 43. h5 Kg7 44. Be6 Rc6 45. Bd5 Rd6 46. Bc4 Rd4 47. Kf3 Rf4+ 48. Kg3 Re4 49. Kf3 Re1 50. Be2 Kf6 51. Ke3 Ke5 52. Kd3 Kf6 53. Ke3 Ke6 54. Kd3 Kd7 55. Ke3 Ke8 56. Kd3 Kf8 57. Ke3 Kg7 58. Kd3 Kf6 59. Ke3 1/2-1/2

[Event "Titled Tuesday intern op 23rd Jan Early"]
[Site "Chess.com INT"]
[Date "2024.01.23"]
[Round "3"]
[White "Matt, Fabian"]
[Black "Tharushi, THD Niklesha"]
[Result "0-1"]
[WhiteElo "2261"]
[BlackElo "1539"]
[PlyCount "73"]
[EventDate "2024.01.23"]
[EventType "swiss (blitz)"]
[EventRounds "11"]
[EventCountry "USA"]
[SourceTitle "EXT 2025"]
[Source "ChessBase"]
[SourceDate "2024.10.14"]
[SourceVersion "1"]
[SourceVersionDate "2024.10.14"]
[SourceQuality "1"]

1. Nf3 Nf6 2. c4 c5 3. g3 b6 4. Bg2 Bb7 5. 0-0 e6 6. Nc3 Nc6 7. d4 Nxd4 8. Nxd4 Bxg2 9. Nxe6 fxe6 10. Kxg2 h5 11. h4 Be7 12. Bg5 Ng4 13. Bxe7 Qxe7 14. Ne4 0-0 15. Qd3 Rf5 16. Rad1 Rd8 17. Nd6 Rf6 18. f3 Nh6 19. Nb7 Re8 20. Qxd7 Nf5 21. Kf2 Rg6 22. Rg1 Qf8 23. Nd6 Rd8 24. Qxd8 Qxd8 25. Nxf5 Qf6 26. Ne3 Qxb2 27. Rd8+ Kh7 28. Rgd1 Qe5 29. f4 Qe4 30. Rb8 Rxg3 31. Nf1 Qxf4+ 32. Ke1 Qxb8 33. Nxg3 Qxg3+ 34. Kd2 Qxh4 35. Kc2 Qxc4+ 36. Kd2 Qxa2+ 37. Ke1 0-1

[Event "Titled Tuesday intern op 11th Jul Late"]
[Site "Chess.com INT"]
[Date "2023.07.11"]
[Round "5"]
[White "Matt, Fabian"]
[Black "Lizak, Peter"]
[Result "1-0"]
[WhiteElo "2336"]
[BlackElo "2415"]
[PlyCount "83"]
[EventDate "2023.07.11"]
[EventType "swiss (blitz)"]
[EventRounds "11"]
[EventCountry "USA"]
[SourceTitle "EXT 2024"]
[Source "ChessBase"]
[SourceDate "2023.10.10"]
[SourceVersion "1"]
[SourceVersionDate "2023.10.10"]
[SourceQuality "1"]

1. d4 Nf6 2. c4 c5 3. Nf3 cxd4 4. Nxd4 e5 5. Nc2 d5 6. cxd5 Qxd5 7. Qxd5 Nxd5 8. g3 Nc6 9. Bg2 Ndb4 10. Nxb4 Nxb4 11. Na3 Rb8 12. Be3 a6 13. 0-0 Be6 14. Rfc1 Bd6 15. Ba7 Ra8 16. Bc5 Bxc5 17. Rxc5 0-0 18. Rxe5 Rab8 19. b3 b5 20. Rc5 Rfc8 21. Rxc8+ Rxc8 22. Be4 Bh3 23. f4 f5 24. Bf3 h6 25. Kf2 g5 26. Rd1 g4 27. Bh1 Nxa2 28. Rd6 Rc1 29. Bd5+ Kf8 30. Rxa6 Nb4 31. Ra8+ Ke7 32. Bg2 Rc3 33. Nxb5 Rxb3 34. Nd4 Rb2 35. Bxh3 gxh3 36. Nxf5+ Kf6 37. Nxh6 Nd3+ 38. Ke3 Nc1 39. Ng4+ Kf5 40. Ne5 Rxe2+ 41. Kf3 Rxh2 42. Ra6 1-0

[Event "Titled Tuesday intern op 11th Jul Late"]
[Site "Chess.com INT"]
[Date "2023.07.11"]
[Round "6"]
[White "Zavgorodniy, Sergiy"]
[Black "Matt, Fabian"]
[Result "1-0"]
[WhiteElo "2416"]
[BlackElo "2336"]
[PlyCount "71"]
[EventDate "2023.07.11"]
[EventType "swiss (blitz)"]
[EventRounds "11"]
[EventCountry "USA"]
[SourceTitle "EXT 2024"]
[Source "ChessBase"]
[SourceDate "2023.10.10"]
[SourceVersion "1"]
[SourceVersionDate "2023.10.10"]
[SourceQuality "1"]

1. d4 Nf6 2. c4 e6 3. Nf3 d5 4. e3 Be7 5. Nbd2 0-0 6. Bd3 c5 7. b3 cxd4 8. exd4 Nc6 9. Bb2 b6 10. 0-0 Bb7 11. Qe2 Rc8 12. Rac1 Qc7 13. Rfd1 Qb8 14. Ne5 Rfd8 15. Ndf3 Bf8 16. Nxf7 Re8 17. N7e5 dxc4 18. bxc4 Bd6 19. Bb1 Ne7 20. Re1 Nf5 21. g4 Bxe5 22. Nxe5 Nh4 23. g5 Nd7 24. Qh5 Nxe5 25. Qxh7+ Kf8 26. Qh8+ Ke7 27. Qxg7+ Nf7 28. Ba3+ Rc5 29. dxc5 Nf3+ 30. Kf1 Nxh2+ 31. Ke2 Bf3+ 32. Kd3 Qd8+ 33. Kc3 Rf8 34. cxb6+ Ke8 35. Qxf8+ Kd7 36. Rcd1+ 1-0

[Event "Bodensee op"]
[Site "Bregenz"]
[Date "2023.05.17"]
[Round "5"]
[White "Matt, Fabian"]
[Black "Dittmar, Peter"]
[Result "1-0"]
[WhiteElo "2302"]
[BlackElo "2162"]
[PlyCount "87"]
[EventDate "2023.05.13"]
[EventType "swiss"]
[EventRounds "9"]
[EventCountry "AUT"]
[SourceTitle "CBM 215 Extra"]
[Source "ChessBase"]
[SourceDate "2023.09.30"]
[SourceVersion "1"]
[SourceVersionDate "2023.09.30"]
[SourceQuality "1"]

1. d4 Nf6 2. c4 e6 3. Nf3 d5 4. Nc3 c5 5. cxd5 Nxd5 6. e4 Nxc3 7. bxc3 cxd4 8. cxd4 Bb4+ 9. Bd2 Bxd2+ 10. Qxd2 0-0 11. Bd3 Nd7 12. 0-0 b6 13. a4 a5 14. Rfd1 Bb7 15. Qf4 Rc8 16. Rab1 Qe7 17. d5 e5 18. Qg4 f5 19. exf5 Nf6 20. Qh4 Bxd5 21. Ng5 h6 22. Ne4 Bxe4 23. Bxe4 Rfd8 24. Rxd8+ Rxd8 25. Bc2 Rd4 26. Qg3 Qc7 27. Bb3+ Kh8 28. h3 Rf4 29. Qe3 Re4 30. Qf3 Qc5 31. Bf7 Qf8 32. Bg6 Rxa4 33. Rxb6 Rb4 34. Ra6 e4 35. Qc3 Qb8 36. Qg3 Qc8 37. Rxa5 Rb1+ 38. Kh2 Qc1 39. Ra8+ Ng8 40. Qa3 Qf4+ 41. Qg3 Qc1 42. Qe5 Qg1+ 43. Kg3 Rb3+ 44. Kh4 1-0

[Event "Oberliga Wuerttemberg 2223"]
[Site "Wuerttemberg"]
[Date "2023.05.07"]
[Round "9.4"]
[White "Kocharin, Timur"]
[Black "Matt, Fabian"]
[Result "0-1"]
[WhiteElo "2103"]
[BlackElo "2264"]
[PlyCount "90"]
[EventDate "2022.09.18"]
[EventType "team-tourn"]
[EventRounds "9"]
[EventCountry "GER"]
[SourceTitle "EXT 2025"]
[Source "ChessBase"]
[SourceDate "2024.10.14"]
[SourceVersion "1"]
[SourceVersionDate "2024.10.14"]
[SourceQuality "1"]
[WhiteTeam "Schoenaich II"]
[BlackTeam "Jedesheim"]
[WhiteTeamCountry "GER"]
[BlackTeamCountry "GER"]

1. e4 e5 2. Nf3 Nf6 3. Nxe5 d6 4. Nf3 Nxe4 5. Nc3 Nxc3 6. dxc3 Be7 7. Be3 0-0 8. Qd2 Nd7 9. 0-0-0 Nf6 10. Bd3 d5 11. c4 c6 12. h4 Bg4 13. Bd4 Re8 14. Bxf6 Bxf6 15. Qf4 h5 16. c3 Qa5 17. Kb1 dxc4 18. Bxc4 Re4 19. Qxe4 Bf5 20. Bd3 Bxe4 21. Bxe4 Re8 22. Rhe1 g6 23. Re2 Kg7 24. Rde1 Qc5 25. Rd1 a5 26. Rdd2 b5 27. a3 b4 28. cxb4 axb4 29. Rc2 Qa5 30. axb4 Qxb4 31. Bxc6 Rxe2 32. Rxe2 Qc4 33. Rc2 Qf1+ 34. Ka2 Qxg2 35. Bd5 Qg4 36. Rd2 Qb4 37. Kb1 Bxh4 38. Rd4 Qc5 39. b4 Qc3 40. Rxh4 Qd3+ 41. Kb2 Qxd5 42. Rh3 Qf5 43. Rg3 h4 44. Rg5 Qxf3 45. b5 Qf6+ 0-1

[Event "Titled Tuesday intern op 31st Jan Early"]
[Site "Chess.com INT"]
[Date "2023.01.31"]
[Round "8"]
[White "Matt, Fabian"]
[Black "Shuvalov, Evgenij"]
[Result "1-0"]
[WhiteElo "2287"]
[BlackElo "2149"]
[PlyCount "85"]
[EventDate "2023.01.31"]
[EventType "swiss (blitz)"]
[EventRounds "11"]
[EventCountry "USA"]
[SourceTitle "CBM 212 Extra"]
[Source "ChessBase"]
[SourceDate "2023.03.31"]
[SourceVersion "1"]
[SourceVersionDate "2023.03.31"]
[SourceQuality "1"]

1. d4 Nf6 2. c4 g6 3. Nf3 Bg7 4. Nc3 d5 5. cxd5 Nxd5 6. Bd2 c5 7. Nxd5 Qxd5 8. Qc2 Nc6 9. e4 Nxd4 10. Nxd4 Qxd4 11. Bc3 0-0 12. Bxd4 Bxd4 13. Bc4 e6 14. 0-0 Bd7 15. Rad1 b5 16. Be2 Rfd8 17. b4 Rac8 18. bxc5 Rxc5 19. Qb3 e5 20. Rxd4 exd4 21. Rd1 Be6 22. Qb4 Rc2 23. Bxb5 Rxa2 24. Bc4 Bxc4 25. Qxc4 Rb2 26. g3 h5 27. Rxd4 Rxd4 28. Qxd4 Rb6 29. Kg2 Kh7 30. Qd7 Kg7 31. Qxa7 Re6 32. Qd4+ Kh7 33. f4 Ra6 34. Qc4 Rf6 35. e5 Re6 36. Kf3 Kg7 37. h3 Rb6 38. g4 hxg4+ 39. hxg4 Re6 40. Qd5 Ra6 41. f5 g5 42. f6+ Kg6 43. Qd3+ 1-0

[Event "Titled Tuesday intern op 27th Sep Early"]
[Site "Chess.com INT"]
[Date "2022.09.27"]
[Round "8"]
[White "Matt, Fabian"]
[Black "Amgalantengis, Enkh Amgalan"]
[Result "1-0"]
[WhiteElo "2265"]
[BlackElo "1872"]
[PlyCount "145"]
[EventDate "2022.09.27"]
[EventType "swiss (blitz)"]
[EventRounds "11"]
[EventCountry "USA"]
[SourceTitle "CBM 210 Extra"]
[Source "ChessBase"]
[SourceDate "2022.11.30"]
[SourceVersion "1"]
[SourceVersionDate "2022.11.30"]
[SourceQuality "1"]

1. d4 Nf6 2. c4 g6 3. Nf3 Bg7 4. Nc3 0-0 5. e4 c5 6. h3 cxd4 7. Nxd4 Nc6 8. Be3 d6 9. Qd2 Bd7 10. Be2 Nxd4 11. Bxd4 Bc6 12. Nd5 Bxd5 13. exd5 Nd7 14. Bxg7 Kxg7 15. 0-0 Qb6 16. b3 a5 17. Bg4 Nf6 18. Rfe1 Rfe8 19. Rab1 Qc5 20. Qc3 Kg8 21. Re2 Nxd5 22. Qe1 Nf6 23. Rxe7 Kg7 24. Bf3 d5 25. Rxe8 Rxe8 26. Qc1 d4 27. Bxb7 Re2 28. Rb2 d3 29. Rxe2 dxe2 30. Bf3 Qa3 31. Qxa3 e1Q+ 32. Kh2 Qxf2 33. Qxa5 Qd4 34. Qc7 g5 35. c5 h5 36. Qd6 Qc3 37. c6 g4 38. hxg4 hxg4 39. Qg3 Kf8 40. Bxg4 Qxc6 41. Bf3 Qc3 42. Qd6+ Kg7 43. b4 Qc4 44. Qg3+ Kf8 45. Qe1 Nd7 46. a4 Qf4+ 47. Kh1 Ne5 48. Qe4 Qc1+ 49. Kh2 Qc7 50. Kg1 Nc4 51. Qc6 Qa7+ 52. Kh1 Nb6 53. Qc5+ Kg7 54. a5 Qb8 55. Qxb6 Qg3 56. Qd4+ Kg8 57. Qe4 f5 58. Qe6+ Kh8 59. Qxf5 Qe1+ 60. Kh2 Kg7 61. Qg4+ Kh8 62. Qh3+ Kg7 63. Qg3+ Kh8 64. Qxe1 Kh7 65. Qe7+ Kh6 66. Qf6+ Kh7 67. Be4+ Kg8 68. Qg6+ Kf8 69. Qh7 Ke8 70. Bf5 Kf8 71. Be6 Ke8 72. Qf7+ Kd8 73. Qd7# 1-0

[Event "AUT-chT2W 2223"]
[Site "Austria"]
[Date "2022.09.25"]
[Round "3.3"]
[White "Matt, Fabian"]
[Black "Schmidlechner, Alexander"]
[Result "1-0"]
[WhiteElo "2265"]
[BlackElo "2168"]
[PlyCount "59"]
[EventDate "2022.09.23"]
[EventType "team-tourn"]
[EventRounds "11"]
[EventCountry "AUT"]
[SourceTitle "CBM 210 Extra"]
[Source "ChessBase"]
[SourceDate "2022.11.30"]
[SourceVersion "1"]
[SourceVersionDate "2022.11.30"]
[SourceQuality "1"]
[WhiteTeam "Hohenems II"]
[BlackTeam "Lustenau"]
[WhiteTeamCountry "AUT"]
[BlackTeamCountry "AUT"]

1. d4 d5 2. c4 e6 3. Nf3 Nf6 4. g3 Be7 5. Bg2 0-0 6. 0-0 c6 7. Qc2 Ne4 8. Nbd2 f5 9. Rb1 a5 10. a3 a4 11. Ne5 Nd7 12. Ndf3 Ndf6 13. Be3 Bd7 14. b4 axb3 15. Rxb3 Ra7 16. c5 Qa8 17. Qb2 Bc8 18. Rb1 Ra6 19. Ne1 Ne8 20. Nc2 Bf6 21. h4 Ra5 22. Nxc6 Rxc5 23. Ne5 Ra5 24. Bxe4 dxe4 25. Bd2 Rd5 26. Bb4 Rf7 27. Nxf7 Kxf7 28. Rd1 e5 29. Bc3 Nd6 30. Ne3 1-0

[Event "Titled Tuesday intern op 13th Sep Late"]
[Site "Chess.com INT"]
[Date "2022.09.13"]
[Round "8"]
[White "Aldokhin, Ivan"]
[Black "Matt, Fabian"]
[Result "1-0"]
[WhiteElo "2413"]
[BlackElo "2265"]
[PlyCount "43"]
[EventDate "2022.09.13"]
[EventType "swiss (blitz)"]
[EventRounds "11"]
[EventCountry "USA"]
[SourceTitle "EXT 2023"]
[Source "ChessBase"]
[SourceDate "2022.10.05"]
[SourceVersion "1"]
[SourceVersionDate "2022.10.05"]
[SourceQuality "1"]

1. e4 e5 2. Nf3 Nc6 3. Bb5 Nf6 4. 0-0 Nxe4 5. Re1 Nd6 6. Bxc6 dxc6 7. Nxe5 Be7 8. b3 0-0 9. Bb2 Bf6 10. Nc3 Re8 11. d4 Bf5 12. Ne2 h6 13. Ng3 Bh7 14. c4 Nf5 15. Ne4 Be7 16. Qh5 Rf8 17. Rad1 Nd6 18. Nc5 Bf5 19. Nxb7 Nxb7 20. Nxc6 Bg6 21. Qf3 Qb8 22. Nxb8 1-0

[Event "Titled Tuesday intern op 13th Sep Late"]
[Site "Chess.com INT"]
[Date "2022.09.13"]
[Round "3"]
[White "Atanasov, Anthony"]
[Black "Matt, Fabian"]
[Result "1-0"]
[WhiteElo "2148"]
[BlackElo "2265"]
[PlyCount "59"]
[EventDate "2022.09.13"]
[EventType "swiss (blitz)"]
[EventRounds "11"]
[EventCountry "USA"]
[SourceTitle "EXT 2023"]
[Source "ChessBase"]
[SourceDate "2022.10.05"]
[SourceVersion "1"]
[SourceVersionDate "2022.10.05"]
[SourceQuality "1"]

1. Nf3 Nf6 2. d4 d5 3. Bf4 e6 4. e3 c5 5. Nbd2 Nc6 6. c3 cxd4 7. exd4 Nh5 8. Be3 Bd6 9. Ne5 g6 10. g4 Nf6 11. f4 Bd7 12. Bd3 Qc7 13. Qf3 0-0-0 14. Nxf7 h5 15. g5 Ng4 16. Nxh8 Rxh8 17. 0-0 Rf8 18. Bxg6 Nxe3 19. Qxe3 Bxf4 20. Qe2 e5 21. dxe5 Bg4 22. Qg2 Nxe5 23. h3 Nxg6 24. hxg4 h4 25. Kh1 h3 26. Qxd5 Kb8 27. Ne4 Qh7 28. Rxf4 Re8 29. Nf6 Qc7 30. Nxe8 1-0

[Event "Titled Tuesday intern op 13th Sep Late"]
[Site "Chess.com INT"]
[Date "2022.09.13"]
[Round "11"]
[White "Matt, Fabian"]
[Black "Kaufman, Raymond"]
[Result "0-1"]
[WhiteElo "2265"]
[BlackElo "2202"]
[PlyCount "66"]
[EventDate "2022.09.13"]
[EventType "swiss (blitz)"]
[EventRounds "11"]
[EventCountry "USA"]
[SourceTitle "EXT 2023"]
[Source "ChessBase"]
[SourceDate "2022.10.05"]
[SourceVersion "1"]
[SourceVersionDate "2022.10.05"]
[SourceQuality "1"]

1. d4 Nf6 2. c4 g6 3. Nf3 Bg7 4. g3 0-0 5. Bg2 d6 6. 0-0 Nbd7 7. Nc3 e5 8. e4 c6 9. Re1 exd4 10. Nxd4 Qb6 11. Nb3 Ne5 12. Be3 Qc7 13. Qe2 Be6 14. Nd2 Neg4 15. Bg5 h6 16. Bf4 g5 17. Be3 Nxe3 18. Qxe3 Ng4 19. Qe2 Qb6 20. Nf3 Rfe8 21. Rad1 Qc5 22. h3 Ne5 23. Nxe5 Bxe5 24. Qh5 Kg7 25. Kh2 Qxf2 26. Rf1 Qxg3+ 27. Kg1 Bxc4 28. Rf3 Qh2+ 29. Kf2 c5 30. Rh1 Bd4+ 31. Ke1 Qxg2 32. Rhf1 Bxc3+ 33. bxc3 Qe2# 0-1

[Event "Titled Tuesday intern op 13th Sep Late"]
[Site "Chess.com INT"]
[Date "2022.09.13"]
[Round "5"]
[White "Matt, Fabian"]
[Black "Kovacs, Klara"]
[Result "1-0"]
[WhiteElo "2265"]
[BlackElo "2121"]
[PlyCount "79"]
[EventDate "2022.09.13"]
[EventType "swiss (blitz)"]
[EventRounds "11"]
[EventCountry "USA"]
[SourceTitle "EXT 2023"]
[Source "ChessBase"]
[SourceDate "2022.10.05"]
[SourceVersion "1"]
[SourceVersionDate "2022.10.05"]
[SourceQuality "1"]

1. Nf3 d5 2. e3 c6 3. c4 Bg4 4. b3 Nf6 5. Bb2 Nbd7 6. Be2 Qc7 7. d4 e6 8. 0-0 Bb4 9. c5 Bxf3 10. Bxf3 Ba5 11. a3 Qb8 12. h3 Bc7 13. b4 e5 14. dxe5 Nxe5 15. Nc3 0-0 16. Be2 Re8 17. Qc2 Ng6 18. Rfe1 Be5 19. Rad1 Qc7 20. Bd3 Qe7 21. Ne2 Bxb2 22. Qxb2 Ne4 23. Bxe4 dxe4 24. Rd6 Rad8 25. Red1 Qg5 26. Ng3 Rxd6 27. cxd6 Nh4 28. Qd4 f5 29. d7 Rd8 30. Qc4+ Kh8 31. Qe6 h6 32. Qe8+ Kh7 33. Rd6 a6 34. Kh2 a5 35. bxa5 c5 36. Qe6 Rf8 37. Qe8 f4 38. Qxf8 fxg3+ 39. fxg3 Nxg2 40. d8Q 1-0

[Event "Titled Tuesday intern op 06th Sep Early"]
[Site "Chess.com INT"]
[Date "2022.09.06"]
[Round "11"]
[White "Aloma Vidal, Roberto"]
[Black "Matt, Fabian"]
[Result "1-0"]
[WhiteElo "2448"]
[BlackElo "2265"]
[PlyCount "111"]
[EventDate "2022.09.06"]
[EventType "swiss (blitz)"]
[EventRounds "11"]
[EventCountry "USA"]
[SourceTitle "EXT 2023"]
[Source "ChessBase"]
[SourceDate "2022.10.05"]
[SourceVersion "1"]
[SourceVersionDate "2022.10.05"]
[SourceQuality "1"]

1. e4 e5 2. Nf3 Nc6 3. Bc4 Bc5 4. b4 Bxb4 5. c3 Ba5 6. d4 exd4 7. Qb3 Qe7 8. 0-0 Nf6 9. Ba3 d6 10. e5 Ne4 11. cxd4 0-0 12. Bd3 Ng5 13. Nxg5 Qxg5 14. exd6 Nxd4 15. Bxh7+ Kxh7 16. Qd3+ Nf5 17. d7 Bxd7 18. Bxf8 Bc6 19. Qh3+ Kg8 20. Bc5 Nh4 21. Be3 Qxg2+ 22. Qxg2 Bxg2 23. Rc1 Bc6 24. Na3 Rd8 25. Nc4 Bb4 26. Ne5 Nf3+ 27. Nxf3 Bxf3 28. Rc4 Bd6 29. Bf4 b5 30. Rd4 Kf8 31. Rc1 Ke7 32. Bxd6+ cxd6 33. Rc3 Ba8 34. f4 Kf6 35. Kf2 Kf5 36. Rc7 Re8 37. Rxf7+ Kg6 38. Rxa7 Be4 39. Rxd6+ Kf5 40. Rf7+ Kg4 41. Rxg7+ Kxf4 42. Rf7+ Ke5 43. Rdd7 Ra8 44. Rfe7+ Kf5 45. Rd2 Bc6 46. Re3 Be4 47. Rde2 Re8 48. Rxe4 Rxe4 49. Rxe4 Kxe4 50. Ke2 Kf4 51. Kd3 Kf3 52. Kd4 Kg2 53. Kc5 Kh3 54. Kxb5 Kxh2 55. a4 Kh3 56. a5 1-0

[Event "Titled Tuesday intern op 06th Sep Early"]
[Site "Chess.com INT"]
[Date "2022.09.06"]
[Round "2"]
[White "Aradhya, Garg"]
[Black "Matt, Fabian"]
[Result "1-0"]
[WhiteElo "2332"]
[BlackElo "2265"]
[PlyCount "63"]
[EventDate "2022.09.06"]
[EventType "swiss (blitz)"]
[EventRounds "11"]
[EventCountry "USA"]
[SourceTitle "EXT 2023"]
[Source "ChessBase"]
[SourceDate "2022.10.05"]
[SourceVersion "1"]
[SourceVersionDate "2022.10.05"]
[SourceQuality "1"]

1. d4 d5 2. c4 c6 3. cxd5 cxd5 4. Bf4 Nc6 5. e3 Nf6 6. Bd3 a6 7. Nc3 e6 8. Rc1 Bd6 9. Bxd6 Qxd6 10. f4 0-0 11. Nf3 Bd7 12. 0-0 Rac8 13. Ne5 Be8 14. Rf3 g6 15. Rh3 Nd7 16. Nf3 f6 17. g4 e5 18. Nxd5 exf4 19. Nxf4 Bf7 20. a3 Ne7 21. Qe1 Rxc1 22. Qxc1 Rc8 23. Qe1 Nf8 24. g5 Nd5 25. Nxd5 Bxd5 26. gxf6 Qxf6 27. e4 Be6 28. Rg3 Qf4 29. Kf2 Bc4 30. Qe3 Qc7 31. Ne5 Ne6 32. Bxc4 1-0

[Event "Titled Tuesday intern op 06th Sep Early"]
[Site "Chess.com INT"]
[Date "2022.09.06"]
[Round "9"]
[White "Gascon del Nogal, Jose Rafael"]
[Black "Matt, Fabian"]
[Result "0-1"]
[WhiteElo "2458"]
[BlackElo "2265"]
[PlyCount "125"]
[EventDate "2022.09.06"]
[EventType "swiss (blitz)"]
[EventRounds "11"]
[EventCountry "USA"]
[SourceTitle "EXT 2023"]
[Source "ChessBase"]
[SourceDate "2022.10.05"]
[SourceVersion "1"]
[SourceVersionDate "2022.10.05"]
[SourceQuality "1"]

1. d4 d5 2. Bf4 Nf6 3. e3 e6 4. Nf3 c5 5. Nbd2 Nc6 6. c3 cxd4 7. exd4 Nh5 8. Be3 Bd6 9. Bd3 Nf4 10. Bxf4 Bxf4 11. 0-0 0-0 12. Qc2 h6 13. Rfe1 Bd7 14. g3 Bd6 15. Nf1 Rc8 16. Qe2 Re8 17. Ne3 a6 18. Ng4 f6 19. Ne3 Re7 20. Bc2 Be8 21. Nh4 f5 22. Qf3 Rf7 23. Ng6 Rf6 24. Nf4 Qd7 25. Nxe6 Rxe6 26. Bxf5 Bf7 27. Nxd5 Rce8 28. Bxe6 Bxe6 29. Nf4 Bxf4 30. Qxf4 Bd5 31. Rxe8+ Qxe8 32. b3 b5 33. Rc1 Qe6 34. Qe3 Qh3 35. f3 Qf5 36. c4 bxc4 37. bxc4 Bf7 38. d5 Nb4 39. Qe4 Qf6 40. Rd1 Qb6+ 41. Qd4 Qg6 42. d6 Nc6 43. Qd3 Qxd3 44. Rxd3 Bxc4 45. d7 Bxd3 46. Kf2 Nd8 47. Ke3 Bf5 48. Kd4 Bxd7 49. Ke5 Bc6 50. Kd6 Bxf3 51. Ke7 Nc6+ 52. Kd6 Nb4 53. Kc5 Nxa2 54. Kb6 Be2 55. Ka5 Nc3 56. Kb6 Ne4 57. Ka5 Nf2 58. Kb4 Ng4 59. Ka5 Nxh2 60. Kb4 Nf1 61. Ka5 Nxg3 62. Kb4 h5 63. Ka5 0-1

[Event "Titled Tuesday intern op 06th Sep Early"]
[Site "Chess.com INT"]
[Date "2022.09.06"]
[Round "7"]
[White "Matt, Fabian"]
[Black "Aizpurua, Patrick Emilio"]
[Result "0-1"]
[WhiteElo "2265"]
[BlackElo "2310"]
[PlyCount "82"]
[EventDate "2022.09.06"]
[EventType "swiss (blitz)"]
[EventRounds "11"]
[EventCountry "USA"]
[SourceTitle "EXT 2023"]
[Source "ChessBase"]
[SourceDate "2022.10.05"]
[SourceVersion "1"]
[SourceVersionDate "2022.10.05"]
[SourceQuality "1"]

1. Nf3 d5 2. e3 Nf6 3. c4 e6 4. b3 c5 5. Bb2 Nc6 6. Be2 Be7 7. 0-0 0-0 8. cxd5 Nxd5 9. Na3 b6 10. Nc4 Bb7 11. d3 Bf6 12. Nce5 Qc7 13. d4 cxd4 14. exd4 Rad8 15. Rc1 Qd6 16. Bb5 Nde7 17. Qe2 Nb4 18. Ba3 a5 19. Rfd1 Nf5 20. Nc6 Bxc6 21. Rxc6 Qf4 22. Bc1 Qb8 23. Rc4 Nd5 24. g4 Nd6 25. Rc6 Rc8 26. g5 Be7 27. Be3 Nc3 28. Rxc3 Rxc3 29. Bf4 Qc8 30. Ne5 Nxb5 31. Qxb5 Rc2 32. Qxb6 Rxa2 33. d5 Bc5 34. Qc6 Rxf2 35. Nd3 Qxc6 36. dxc6 Rd2+ 37. Nxc5 Rxd1+ 38. Kg2 Rc8 39. c7 e5 40. Bxe5 Rd5 41. Nb7 Rxe5 0-1